000 01325nam a2200361Ia 4500
008 130821s2005 enk gr eng
020 _a0262012391
_c2006
020 _a0262072726
_c2005
022 _a0889-3365
040 _aCo-BoUCM
_bspa
041 0 0 _aeng
240 1 0 _aNBER Macroeconomics Annual
245 0 0 _aNBER Macroeconomics Annual 2005
_cMark Gertler y Kenneth Rogoff, editores
246 0 3 _aMacroeconomics annual
246 0 3 _aNBER macroeconomics annual
260 _aCambridge (Inglaterra)
_bMIT Press
_c2005-
300 _a[varios volúmenes]
650 0 4 _aCrecimiento económico
_vInformes
_912098
650 0 4 _aDesarrollo económico
_912956
650 0 4 _aEconometría
_vInformes
_913653
650 0 4 _aMacroeconomía
_918838
650 0 4 _aMacroeconomía
_vInformes
_918838
650 0 4 _aPolítica fiscal
_zAmérica Latina
_vInformes
_921986
650 0 4 _aPolítica monetaria
_vInformes
_922001
700 1 _aAcemoglu, Daron
_eed.
700 1 _aGertler, Mark
_eed.
700 1 _aRogoff, Kenneth
_eed.
700 1 _aWoodford, Michael
_eed.
710 2 _aNational Bureau of Economic Research. NBER
740 0 2 _aNBER Macroeconomics Annual 2006 / Daron Acemoglu, Kenneth Rogoff y Michael Woodford, editores.
942 _a7
_e1
_kR
_mN13
_cLIBROREF
_2DEWEY
_h339
999 _c65830
_d65830